[Event "Eliteserien 2008-2009"]
[Site "Haraldsheim"]
[Date "2008.11.07"]
[Round "3"]
[White "Bjerke, Silje"]
[Black "Gabrielsen, Trond"]
[Result "0-1"]
[WhiteElo "2226"]
[BlackElo "2300"]
[PlyCount "152"]
[EventDate "2008.??.??"]

1. e4 c6 2. d4 d5 3. Nc3 dxe4 4. Nxe4 Bf5 5. Ng3 Bg6 6. h4 h6 7. Nf3 Nd7 8. h5
Bh7 9. Bd3 Bxd3 10. Qxd3 e6 11. Bf4 Qa5+ 12. Bd2 Bb4 13. c3 Be7 14. Ne4 Ngf6
15. c4 Qc7 16. O-O-O O-O 17. Kb1 Ng4 18. Qe2 Rfe8 19. Bc3 f5 20. Ned2 Bf6 21.
Rhe1 c5 22. Rc1 a6 23. Nb3 Rac8 24. dxc5 Bxc3 25. Rxc3 Nxc5 26. Nxc5 Qxc5 27.
Rc2 e5 28. Nh4 e4 29. Ng6 Rcd8 30. Rd1 Qxf2 31. Rxd8 Rxd8 32. Qxf2 Rd1+ 33. Rc1
Rxc1+ 34. Kxc1 Nxf2 35. Ne7+ Kf7 36. Nxf5 Kf6 37. Nd6 e3 38. b3 Ke5 39. Nxb7
Kd4 40. Kc2 Ne4 41. Kd1 Nc3+ 42. Ke1 Nxa2 43. c5 Kd5 44. Ke2 Nc1+ 45. Kxe3 Nxb3
46. Kf4 Nxc5 47. Na5 Ke6 48. Kg4 Kf6 49. Kf4 Ne6+ 50. Kg4 Ke5 51. Nc6+ Kd6 52.
Na5 Nd4 53. Kf4 Nc6 54. Nb3 a5 55. g4 a4 56. Nd2 Ke6 57. g5 a3 58. Nb3 a2 59.
Na1 Nb4 60. gxh6 gxh6 61. Ke4 Nd5 62. Kd3 Nf6 63. Kc2 Nxh5 64. Kb2 Nf4 65. Nc2
h5 66. Ne3 h4 67. Kxa2 h3 68. Nf1 Kf5 69. Kb1 Ke4 70. Kc2 Kf3 71. Kd2 Kf2 72.
Ne3 Ng2 73. Ng4+ Kg3 74. Nf6 h2 75. Ne4+ Kf3 76. Ng5+ Kf4 
0-1

[Event "Eliteserien 2008-2009"]
[Site "Haraldsheim"]
[Date "2008.11.07"]
[Round "3"]
[White "Kirkebø, Carl Peter"]
[Black "Kvisla, Johannes"]
[Result "1/2-1/2"]
[WhiteElo "2076"]
[BlackElo "2212"]
[PlyCount "115"]
[EventDate "2008.??.??"]

1. e4 e6 2. d4 d5 3. e5 c5 4. c3 Qb6 5. Nf3 Bd7 6. a3 a5 7. Bd3 a4 8. O-O Nc6
9. Bc2 Qb5 10. Nbd2 b6 11. Re1 Nge7 12. h4 Nf5 13. c4 dxc4 14. Bxf5 cxd4 15.
Be4 Qc5 16. Bxc6 Bxc6 17. Ne4 Bxe4 18. Rxe4 d3 19. Be3 Qc6 20. Rf4 Be7 21. Rc1
b5 22. Nd4 Qd5 23. Qf3 Qxf3 24. gxf3 Rb8 25. Nc6 Rc8 26. Na7 Rb8 27. Nc6 Rc8
28. Nxe7 Kxe7 29. Rd4 Rhd8 30. Rxd8 Rxd8 31. Kf1 Rd5 32. f4 f6 33. Re1 Kf7 34.
Bd2 f5 35. Kg2 h5 36. Kf3 g6 37. Ke3 Rd7 38. Rd1 Rd5 39. Bb4 Kg7 40. Bc3 Kf7
41. Kd2 Kg7 42. Rg1 Kf7 43. Rd1 Kg7 44. Kc1 Kf7 45. Bd2 Rd8 46. Be3 Ke7 47. Kd2
Kd7 48. Rg1 Rg8 49. Kc3 Kc6 50. f3 Rg7 51. Rg2 Rg8 52. Kb4 Rg7 53. Bc5 Rd7 54.
Bd6 Rg7 55. Rd2 Rf7 56. Rg2 Rg7 57. Rg1 Kd5 58. Rg2 
1/2-1/2

[Event "Eliteserien 2008-2009"]
[Site "Haraldsheim"]
[Date "2008.11.07"]
[Round "3"]
[White "Richter, Michael"]
[Black "Johannessen, Leif E"]
[Result "0-1"]
[WhiteElo "2365"]
[BlackElo "2529"]
[PlyCount "54"]
[EventDate "2008.??.??"]

1. d4 Nf6 2. Nf3 e6 3. e3 b6 4. Bd3 Bb7 5. O-O Be7 6. c4 d5 7. Nbd2 O-O 8. b3
Nbd7 9. Bb2 c5 10. Qe2 cxd4 11. exd4 Re8 12. Rfe1 Bf8 13. Ne5 dxc4 14. Ndxc4
Rc8 15. Rad1 g6 16. Qe3 b5 17. Nd2 Nd5 18. Qf3 Nxe5 19. dxe5 Nc3 20. Qg3 Nxd1
21. Rxd1 Qb6 22. Nf1 Red8 23. Ne3 Rd7 24. Ng4 Bg7 25. h4 Rcd8 26. h5 Qc6 27. h6
Rxd3 
0-1

[Event "Eliteserien 2008-2009"]
[Site "Haraldsheim"]
[Date "2008.11.07"]
[Round "3"]
[White "Hammer, Jon Ludvig"]
[Black "David, Edwin"]
[Result "1/2-1/2"]
[WhiteElo "2565"]
[BlackElo "2139"]
[PlyCount "43"]
[EventDate "2008.??.??"]

1. d4 d5 2. Nf3 Nc6 3. Bf4 Bg4 4. e3 e6 5. h3 Bxf3 6. Qxf3 Bd6 7. Nd2 Bxf4 8.
Qxf4 Nf6 9. Be2 Ne7 10. Bd3 Qd6 11. Qxd6 cxd6 12. c4 Rc8 13. Ke2 Kd7 14. h4 Rc7
15. h5 dxc4 16. Nxc4 h6 17. f4 Ned5 18. Rh4 Nb4 19. a3 Nxd3 20. Kxd3 Rhc8 21.
Nd2 Rc2 22. Rb1 
1/2-1/2

[Event "Eliteserien 2008-2009"]
[Site "Haraldsheim"]
[Date "2008.11.07"]
[Round "3"]
[White "Lundeby, Øyvind Andersen"]
[Black "Øgaard, Leif"]
[Result "0-1"]
[WhiteElo "2189"]
[BlackElo "2372"]
[PlyCount "127"]
[EventDate "2008.??.??"]

1. d4 Nf6 2. Bg5 d5 3. Bxf6 exf6 4. e3 Bd6 5. g3 c6 6. Bg2 Qb6 7. Qc1 O-O 8.
Nd2 Be6 9. Ne2 Nd7 10. O-O f5 11. c4 Rfc8 12. c5 Qa6 13. Nc3 Bc7 14. b4 b6 15.
Qc2 Nf6 16. Rfb1 Qb7 17. Nb3 h5 18. b5 Bd8 19. Qe2 Be7 20. Rc1 Qd7 21. Rc2 Rab8
22. bxc6 Rxc6 23. Rac1 Rbc8 24. Na4 R6c7 25. Qa6 bxc5 26. Naxc5 Qd6 27. Qxd6
Bxd6 28. Bf1 Rb8 29. Bd3 Rb6 30. f3 g6 31. Nxe6 Rxc2 32. Rxc2 fxe6 33. Kf2 Kf7
34. Ke2 h4 35. Kf2 Nh5 36. f4 hxg3+ 37. hxg3 Nf6 38. Rc8 Ke7 39. Ke2 Rb4 40.
Rc2 Rb8 41. Nd2 Rh8 42. Nf1 Ng4 43. Rb2 Kf6 44. Rb7 a5 45. Rb6 Bb4 46. Bb5 Rh7
47. Ra6 Nh2 48. Nd2 Rh3 49. Nf3 Nxf3 50. Kxf3 Rh2 51. g4 Rh3+ 52. Kf2 Bd2 53.
g5+ Ke7 54. Ra7+ Kd8 55. Rd7+ Kc8 56. Re7 Rxe3 57. Bd7+ Kd8 58. Rxe6 Rd3 59.
Be8 Rxd4 60. Bxg6 Bxf4 61. Bxf5 Bxg5 62. Ke1 Kc7 63. Re2 Bh4+ 64. Kf1 
0-1

[Event "Eliteserien 2008-2009"]
[Site "Haraldsheim"]
[Date "2008.11.07"]
[Round "3"]
[White "Moen, Andreas G.R."]
[Black "Kolås, Tore"]
[Result "1-0"]
[WhiteElo "2341"]
[BlackElo "2144"]
[PlyCount "101"]
[EventDate "2008.??.??"]

1. e4 e5 2. Nf3 Nc6 3. Bc4 Nf6 4. d3 Bc5 5. Nc3 d6 6. Be3 Nd4 7. Bxd4 exd4 8.
Ne2 Bg4 9. Bb3 c6 10. Qd2 d5 11. e5 Bxf3 12. exf6 Bxe2 13. Qxe2+ Kf8 14. fxg7+
Kxg7 15. Qg4+ Kf8 16. O-O Rg8 17. Qh3 Qg5 18. g3 h5 19. c4 dxc3 20. bxc3 h4 21.
d4 Bd6 22. Rae1 Qg4 23. Qxg4 Rxg4 24. Kg2 hxg3 25. fxg3 Re8 26. Bc2 Rg8 27. Bf5
Rxe1 28. Rxe1 Kg7 29. h4 Rh8 30. Kh3 Kf6 31. Bd3 Ba3 32. Re2 Rd8 33. g4 Rd6 34.
g5+ Kg7 35. Bf5 Rd8 36. h5 c5 37. Kg4 cxd4 38. cxd4 Kf8 39. h6 Bb4 40. Rc2 Ba5
41. Rf2 Kg8 42. g6 fxg6 43. Be6+ Kh8 44. Kg5 Rd6 45. Rf8+ Kh7 46. Bg8+ Kh8 47.
Bxd5+ Kh7 48. Bg8+ Kh8 49. Be6+ Kh7 50. Rf7+ Kh8 51. d5 
1-0

[Event "Eliteserien 2008-2009"]
[Site "Haraldsheim"]
[Date "2008.11.07"]
[Round "3"]
[White "Moen, Ole Christian"]
[Black "Evensen, Tom R"]
[Result "1-0"]
[WhiteElo "2219"]
[BlackElo "1973"]
[PlyCount "79"]
[EventDate "2008.??.??"]

1. e4 c5 2. Nf3 Nc6 3. Bb5 g6 4. O-O Bg7 5. Re1 Nf6 6. c3 O-O 7. h3 d6 8. d4
cxd4 9. cxd4 a6 10. Bf1 b6 11. Nc3 e6 12. d5 Ne5 13. Nd4 exd5 14. exd5 Bb7 15.
f4 Ned7 16. Nc6 Qc7 17. Be2 Rae8 18. Bf3 Rxe1+ 19. Qxe1 Re8 20. Qf2 Nb8 21. Be3
b5 22. Rc1 Qd7 23. Nxb8 Rxb8 24. Bd4 b4 25. Ne4 Nxe4 26. Bxe4 Rc8 27. Rxc8+
Qxc8 28. Bxg7 Qc1+ 29. Kh2 Kxg7 30. Qd4+ Kg8 31. f5 Qf4+ 32. g3 Qf1 33. f6 Qe2+
34. Bg2 h5 35. h4 Ba8 36. Kh3 Bb7 37. Qxb4 Bc8+ 38. Kh2 Bg4 39. Qb8+ Kh7 40.
Qf8 
1-0

[Event "Eliteserien 2008-2009"]
[Site "Haraldsheim"]
[Date "2008.11.07"]
[Round "4"]
[White "Holen, Torgeir"]
[Black "Runde, Hans Arild"]
[Result "0-1"]
[WhiteElo "1929"]
[BlackElo "1879"]
[PlyCount "86"]
[EventDate "2008.??.??"]

1. d4 Nf6 2. Nf3 e6 3. g3 d5 4. Bg2 Nbd7 5. O-O c5 6. c4 dxc4 7. Qa4 cxd4 8.
Nxd4 Bc5 9. Qxc4 O-O 10. b4 Bxd4 11. Qxd4 e5 12. Qd6 Qb6 13. Rd1 Ng4 14. e3 a5
15. Qxb6 Nxb6 16. b5 Re8 17. Nc3 Nf6 18. Ba3 Nc4 19. Bc5 Nd7 20. Na4 Nb2 21.
Rxd7 Nxa4 22. Rc7 Nxc5 23. Rxc5 e4 24. b6 Bd7 25. Rc7 Bc6 26. Bf1 Kf8 27. Bc4
Re7 28. Rd1 Rxc7 29. bxc7 Ke7 30. Rd8 Rxd8 31. cxd8=Q+ Kxd8 32. Bxf7 Ke7 33.
Bg8 h6 34. Kf1 Kd6 35. Ke1 Bd5 36. Bh7 Kc5 37. Kd2 Kb4 38. f3 exf3 39. e4 Bxa2
40. Ke3 a4 41. Kxf3 Kc3 42. e5 b5 43. Be4 Kd4 
0-1

[Event "Eliteserien 2008-2009"]
[Site "Haraldsheim"]
[Date "2008.11.07"]
[Round "4"]
[White "Djurhuus, Rune"]
[Black "Gabrielsen, Stig"]
[Result "1-0"]
[WhiteElo "2459"]
[BlackElo "2344"]
[PlyCount "59"]
[EventDate "2008.??.??"]

1. d4 f5 2. g3 Nf6 3. Bg2 g6 4. Nd2 Bg7 5. c3 d5 6. Ngf3 O-O 7. Ne5 c6 8. Ndf3
Kh8 9. Ng5 Qe8 10. h4 h6 11. Nh3 Ng4 12. Nd3 Nd7 13. f3 Ngf6 14. Nhf4 e6 15. h5
g5 16. Ng6+ Kg8 17. Nxf8 Bxf8 18. g4 Bd6 19. Bh3 Bg3+ 20. Kd2 c5 21. Qg1 Bc7
22. gxf5 e5 23. Nxe5 cxd4 24. Nd3 dxc3+ 25. bxc3 Nb6 26. Ke1 Nc4 27. Bxg5 hxg5
28. Qxg5+ Kf7 29. Rg1 Bd7 30. Qg7# 
1-0

[Event "Eliteserien 2008-2009"]
[Site "Haraldsheim"]
[Date "2008.11.07"]
[Round "4"]
[White "Skodvin, Eilif"]
[Black "Hole, Øystein"]
[Result "1-0"]
[WhiteElo "2328"]
[BlackElo "2401"]
[PlyCount "57"]
[EventDate "2008.??.??"]

1. Nf3 d5 2. g3 Nf6 3. Bg2 Bf5 4. O-O e6 5. c4 c6 6. cxd5 cxd5 7. Qb3 Qb6 8.
Qxb6 axb6 9. d3 Nc6 10. Nc3 Bc5 11. Bf4 h6 12. a3 O-O 13. b4 Be7 14. Nb5 Ra4
15. Rac1 g5 16. Be3 e5 17. Bxb6 Bd7 18. Nc3 Rxa3 19. b5 Na7 20. Nxe5 Be6 21.
Bd4 Bb4 22. b6 Nc8 23. Nb5 Ra4 24. Ra1 Rxa1 25. Rxa1 Rd8 26. Nc6 bxc6 27. Bxf6
Rd7 28. Ra8 Rb7 29. Na7 
1-0

[Event "Eliteserien 2008-2009"]
[Site "Haraldsheim"]
[Date "2008.11.07"]
[Round "4"]
[White "Skrondal, Inge Sandstad"]
[Black "Gabrielsen, Trond"]
[Result "1-0"]
[WhiteElo "2179"]
[BlackElo "2300"]
[PlyCount "85"]
[EventDate "2008.??.??"]

1. Nf3 f5 2. c4 Nf6 3. Nc3 b6 4. g3 Bb7 5. Bg2 g6 6. O-O Bg7 7. d4 Ne4 8. Bd2
O-O 9. Rc1 e6 10. d5 Nxd2 11. Nxd2 e5 12. c5 Na6 13. b4 bxc5 14. b5 Nb8 15. d6
e4 16. Na4 cxd6 17. Nc4 Rf6 18. Nxd6 Rxd6 19. Qxd6 Bf8 20. Qf4 d6 21. g4 Qf6
22. Kh1 Nd7 23. gxf5 Re8 24. f3 e3 25. Bh3 d5 26. Qc7 Bc8 27. Qg3 Bd6 28. f4
Kh8 29. fxg6 Rg8 30. Qg5 Qd4 31. Nc3 Rxg6 32. Qh4 Rg8 33. Bf5 Rg7 34. Rg1 Be7
35. Qh3 Nf8 36. Rxg7 Qxg7 37. Bxc8 d4 38. Ne4 Qg6 39. Bf5 Qb6 40. a4 Qb7 41.
Qg2 Qd5 42. Bh3 c4 43. Ng5 
1-0

[Event "Eliteserien 2008-2009"]
[Site "Haraldsheim"]
[Date "2008.11.07"]
[Round "4"]
[White "Aarland, Stein A"]
[Black "Thorstensen, Trond"]
[Result "0-1"]
[WhiteElo "2302"]
[BlackElo "2175"]
[PlyCount "138"]
[EventDate "2008.??.??"]

1. d4 Nf6 2. c4 e6 3. Nc3 Bb4 4. e3 b6 5. Nge2 Bb7 6. a3 Be7 7. Ng3 d5 8. cxd5
Nxd5 9. e4 Nxc3 10. bxc3 O-O 11. Bd3 c5 12. Be3 cxd4 13. cxd4 Nc6 14. e5 f5 15.
exf6 Bxf6 16. Be4 Qd7 17. O-O Rad8 18. Qh5 g6 19. Qg4 Bxd4 20. Rad1 e5 21. Qh4
Qf7 22. Bxc6 Bxc6 23. Bxd4 Qd5 24. f3 exd4 25. Ne4 Kg7 26. Rfe1 h6 27. Nc3 Qg5
28. Rxd4 Qxh4 29. Rxh4 Rf7 30. Rc4 Rd6 31. Rd1 Rxd1+ 32. Nxd1 Rf6 33. Kf2 Rd6
34. Ne3 Bb5 35. Rc7+ Rd7 36. Rc3 a6 37. Ng4 h5 38. Ne5 Rd2+ 39. Kg3 g5 40. h4
gxh4+ 41. Kxh4 Kf6 42. Re3 Rxg2 43. Nd3 Rd2 44. Ne1 Rh2+ 45. Kg3 Re2 46. Rxe2
Bxe2 47. Kf4 b5 48. Nc2 a5 49. Nd4 Bc4 50. Kg3 b4 51. axb4 axb4 52. Kh4 Bf7 53.
f4 Kg6 54. Nc6 b3 55. Ne5+ Kf6 56. Nd3 Kf5 57. Kg3 Ke4 58. Nc5+ Kd4 59. Na4 Be8
60. Nb2 Kc3 61. Nd1+ Kd2 62. Nb2 Kc2 63. Nc4 b2 64. Nxb2 Kxb2 65. Kf3 Kc3 66.
Ke4 Kd2 67. f5 Ke2 68. f6 Kf2 69. Kf4 Kg2 
0-1

[Event "Eliteserien 2008-2009"]
[Site "Haraldsheim"]
[Date "2008.11.07"]
[Round "4"]
[White "Briseid, Håkon"]
[Black "Valaker, Ole Johan"]
[Result "1/2-1/2"]
[WhiteElo "1897"]
[BlackElo "2067"]
[PlyCount "129"]
[EventDate "2008.??.??"]

1. d4 d5 2. c4 dxc4 3. e4 Nc6 4. Be3 Nf6 5. Nc3 e5 6. d5 Ne7 7. Bxc4 a6 8. Nf3
Ng6 9. O-O Bd6 10. h3 b5 11. Bd3 O-O 12. Nd2 Qe7 13. Nb3 Bd7 14. a4 b4 15. Nb1
Nf4 16. Bxf4 exf4 17. N1d2 Qe5 18. Nc4 Qg5 19. Kh1 Rfe8 20. Re1 Qh4 21. Kg1 Be5
22. Bf1 g5 23. Nd4 g4 24. Qd2 Qg5 25. Nxe5 Rxe5 26. hxg4 Rxe4 27. Rxe4 Nxe4 28.
Qxb4 Qh4 29. Qe1 Re8 30. Nf5 Bxf5 31. gxf5 Nf6 32. Qb4 Ne4 33. Qd4 Nd6 34. g3
Nxf5 35. gxh4 Nxd4 36. Kg2 f3+ 37. Kg3 h5 38. Bxa6 Re4 39. Bd3 Rg4+ 40. Kh3 Ne2
41. Bxe2 fxe2 42. Re1 Rxa4 43. Rxe2 Rb4 44. f3 Kg7 45. Re5 Rxb2 46. Rxh5 f6 47.
Kg4 Rd2 48. Rf5 Rd4+ 49. f4 Rd1 50. h5 Rg1+ 51. Kf3 Re1 52. d6 cxd6 53. Rd5 Rh1
54. Kg4 Rg1+ 55. Kf5 Rh1 56. Ke6 Re1+ 57. Kxd6 Re4 58. Rf5 Rd4+ 59. Ke6 Re4+
60. Kd5 Ra4 61. h6+ Kg6 62. h7 Ra8 63. Ke6 Re8+ 64. Kd7 Rh8 65. Ke6 
1/2-1/2

[Event "Eliteserien 2008-2009"]
[Site "Haraldsheim"]
[Date "2008.11.07"]
[Round "4"]
[White "Tisdall, Jonathan"]
[Black "Gullaksen, Eirik"]
[Result "1/2-1/2"]
[WhiteElo "2386"]
[BlackElo "2387"]
[PlyCount "62"]
[EventDate "2008.??.??"]

1. Nf3 g6 2. d4 Nf6 3. c4 Bg7 4. Nc3 O-O 5. e4 d6 6. Be3 Na6 7. Be2 e5 8. d5
Ng4 9. Bg5 f6 10. Bh4 Qe8 11. Nd2 h5 12. h3 Nh6 13. g4 hxg4 14. hxg4 Nf7 15.
Nb3 Qe7 16. f3 b6 17. a3 Bh6 18. Qd3 Kg7 19. Kd1 Rh8 20. Kc2 Bd7 21. Bf2 Rh7
22. Rh2 Rah8 23. Rah1 Qf8 24. Kb1 Bf4 25. Rxh7+ Rxh7 26. Rxh7+ Kxh7 27. Ka2 Qh6
28. c5 Nxc5 29. Bxc5 dxc5 30. Qa6 Qf8 31. Qxa7 Qc8 
1/2-1/2

[Event "Eliteserien 2008-2009"]
[Site "Haraldsheim"]
[Date "2008.11.07"]
[Round "4"]
[White "Bern, Ivar"]
[Black "Ekeberg, Carl Fr."]
[Result "1-0"]
[WhiteElo "2252"]
[BlackElo "2335"]
[PlyCount "95"]
[EventDate "2008.??.??"]

1. d4 Nf6 2. Bf4 e6 3. e3 b6 4. Nf3 Bb7 5. Nbd2 Be7 6. h3 O-O 7. Bd3 d5 8. Ne5
Nbd7 9. Qf3 Nxe5 10. Bxe5 Nd7 11. Bh2 Bf6 12. Qe2 c5 13. c3 Qc8 14. O-O Re8 15.
f4 a5 16. Nf3 Ba6 17. Rae1 Bxd3 18. Qxd3 Qa6 19. Qxa6 Rxa6 20. a4 b5 21. axb5
Rb6 22. Re2 Rxb5 23. Ra1 Nb6 24. Ne1 Be7 25. Nd3 f5 26. Bg3 c4 27. Nf2 a4 28.
Nd1 Ra8 29. Kf1 Nc8 30. Rc2 Rb3 31. Be1 Nd6 32. Ra2 Nb5 33. Rc1 a3 34. Rca1 Kf7
35. bxa3 Raxa3 36. Rxa3 Nxa3 37. Bd2 h6 38. Ke2 Kf8 39. Bc1 Nb5 40. Ra6 Kf7 41.
Bb2 Kf8 42. Rxe6 Nd6 43. Re5 g6 44. Rxd5 Ne4 45. Ra5 Bh4 46. Ra4 Kf7 47. Rxc4
Nf2 48. Rb4 
1-0

[Event "Eliteserien 2008-2009"]
[Site "Haraldsheim"]
[Date "2008.11.07"]
[Round "4"]
[White "Aulin-Jansson, Jøran"]
[Black "Borchgrevink, Harald B"]
[Result "0-1"]
[WhiteElo "2183"]
[BlackElo "2271"]
[PlyCount "110"]
[EventDate "2008.??.??"]

1. e4 c5 2. Nc3 Nc6 3. f4 g6 4. Nf3 Bg7 5. Bc4 e6 6. f5 Nge7 7. fxe6 dxe6 8.
O-O O-O 9. d3 Na5 10. Bb3 Nxb3 11. axb3 e5 12. Qe1 f6 13. Qh4 Be6 14. Be3 b6
15. Rf2 Nc6 16. Raf1 Nd4 17. g4 Qd7 18. g5 f5 19. exf5 Rxf5 20. Ne4 Raf8 21.
Nxd4 cxd4 22. Bd2 Qe7 23. Qg3 Kh8 24. h4 Bd5 25. h5 Rxf2 26. Rxf2 Bxe4 27. dxe4
Rxf2 28. Qxf2 gxh5 29. Qf5 Qc5 30. Kf1 Qxc2 31. Qf7 Qd1+ 32. Be1 Qd3+ 33. Kg1
Qe3+ 34. Bf2 Qxg5+ 35. Kf1 Qc1+ 36. Kg2 Qc6 37. Kf1 h6 38. Qxa7 Qb5+ 39. Kg1
Qxb3 40. Qd7 Qd1+ 41. Kh2 Qf3 42. Bg3 Qe2+ 43. Kh3 Qxe4 44. Qd8+ Kh7 45. Qxb6
Qh1+ 46. Bh2 Qf3+ 47. Bg3 h4 48. Kxh4 d3 49. Qa5 Qf5 50. Be1 Qf3 51. Bg3 e4 52.
Qd5 Kg6 53. Qg8 Qh1+ 54. Kg4 h5+ 55. Kf4 Qf3# 
0-1

[Event "Eliteserien 2008-2009"]
[Site "Haraldsheim"]
[Date "2008.11.07"]
[Round "4"]
[White "Hagesæther, Halvard"]
[Black "Diesen, Bruce"]
[Result "0-1"]
[WhiteElo "2238"]
[BlackElo "2141"]
[PlyCount "72"]
[EventDate "2008.??.??"]

1. e4 c5 2. Nf3 e6 3. b3 Nc6 4. Bb2 d6 5. d4 cxd4 6. Nxd4 Bd7 7. Bd3 Nf6 8. O-O
Be7 9. c4 O-O 10. Nc2 a6 11. Nc3 Rb8 12. Qe2 Ne5 13. Rfd1 Qc7 14. Nd4 Nxd3 15.
Qxd3 Rfd8 16. a4 Be8 17. Qg3 g6 18. Rac1 Rbc8 19. Qf3 Qa5 20. h3 Qg5 21. Qe2
Bc6 22. Nxc6 bxc6 23. Ba3 Nh5 24. Qf3 c5 25. Ne2 Rb8 26. g4 Nf6 27. Rc3 h5 28.
Bc1 Qh4 29. gxh5 Nxh5 30. Nf4 Nf6 31. Re1 Nd7 32. Qg2 Ne5 33. Rg3 Kf8 34. Ne2
Bf6 35. f4 Nc6 36. Rg4 Qxe1+ 
0-1

[Event "Eliteserien 2008-2009"]
[Site "Haraldsheim"]
[Date "2008.11.07"]
[Round "4"]
[White "Strand, Kjetil"]
[Black "Tjølsen, Katrine"]
[Result "0-1"]
[WhiteElo "1975"]
[BlackElo "2090"]
[PlyCount "106"]
[EventDate "2008.??.??"]

1. e4 c5 2. Nf3 Nc6 3. d4 cxd4 4. Nxd4 g6 5. Nc3 Bg7 6. Be3 Nf6 7. Bc4 Qa5 8.
O-O O-O 9. Bb3 d6 10. h3 Bd7 11. f4 Nxd4 12. Bxd4 Bc6 13. Nd5 Bxd5 14. exd5 Nd7
15. Bxg7 Kxg7 16. Qd4+ Kg8 17. Rae1 Rfe8 18. Re3 Qc5 19. Qd2 Nf6 20. Kh2 a6 21.
Rfe1 Kf8 22. f5 b5 23. Rc3 Qa7 24. Qh6+ Kg8 25. Rf3 Kh8 26. c3 Ng8 27. Qh4 Kg7
28. Bc2 Nf6 29. Ref1 Rac8 30. fxg6 hxg6 31. Rxf6 exf6 32. Qxf6+ Kg8 33. Bd3 Qe7
34. a4 bxa4 35. Qxe7 Rxe7 36. Ra1 Rb8 37. Rxa4 Rxb2 38. Bxa6 Ra7 39. c4 Rb6 40.
Bb5 Rxa4 41. Bxa4 Rb4 42. Bb5 Rb3 43. h4 Kg7 44. g3 f5 45. Kg2 Kf6 46. Kh2 Rc3
47. Kg2 g5 48. Kh2 Rc2+ 49. Kg1 gxh4 50. gxh4 f4 51. Bd7 Rxc4 52. Kg2 Rc3 53.
Bg4 Rg3+ 
0-1

[Event "Eliteserien 2008-2009"]
[Site "Haraldsheim"]
[Date "2008.11.07"]
[Round "4"]
[White "Martinsen, Stig K."]
[Black "Tari, Aryan"]
[Result "1-0"]
[WhiteElo "2093"]
[BlackElo "1697"]
[PlyCount "51"]
[EventDate "2008.??.??"]

1. d4 Nf6 2. c4 e6 3. Nc3 Bb4 4. Qc2 O-O 5. e4 d6 6. a3 Bxc3+ 7. bxc3 h6 8. Bd3
Nbd7 9. Ne2 b6 10. O-O Bb7 11. f4 e5 12. Ng3 Re8 13. Bd2 Rc8 14. Rae1 c5 15.
fxe5 dxe5 16. d5 Nf8 17. Nf5 Ng6 18. Qc1 Ne7 19. Nxg7 Kxg7 20. Bxh6+ Kh8 21.
Qg5 Ng6 22. Rxf6 Rc7 23. Ref1 Rg8 24. Qh5 Rg7 25. Bxg7+ Kxg7 26. g3 
1-0

[Event "Eliteserien 2008-2009"]
[Site "Haraldsheim"]
[Date "2008.11.07"]
[Round "4"]
[White "Richter, Michael"]
[Black "Elsness, Frode"]
[Result "1-0"]
[WhiteElo "2365"]
[BlackElo "2425"]
[PlyCount "138"]
[EventDate "2008.??.??"]

1. d4 Nf6 2. Bg5 Ne4 3. Bf4 c5 4. f3 Qa5+ 5. c3 Nf6 6. d5 Qb6 7. Bc1 g6 8. e4
d6 9. c4 Bg7 10. Ne2 O-O 11. Nec3 e5 12. Be2 Nh5 13. g3 f5 14. exf5 gxf5 15. f4
Nf6 16. fxe5 dxe5 17. O-O Na6 18. Nd2 e4 19. Nb3 Ne8 20. Be3 Bd7 21. Qd2 Nd6
22. Rac1 Rac8 23. Kh1 Qd8 24. Nb5 Bxb5 25. cxb5 c4 26. bxa6 cxb3 27. axb3 bxa6
28. Bxa6 Rb8 29. b4 Qf6 30. Be2 Rf7 31. Ra1 Qxb2 32. Qxb2 Bxb2 33. Rxa7 Be5 34.
Rxf7 Kxf7 35. b5 Kf6 36. Rb1 Nb7 37. b6 Ke7 38. Bb5 Kd6 39. Bc6 Na5 40. Rc1 Ke7
41. Rf1 Nc4 42. Rxf5 Kd6 43. Bg1 Nxb6 44. Rh5 Nxd5 45. Rh6+ Nf6 46. Bxe4 Ke7
47. Bf5 Kf7 48. g4 Rg8 49. Be3 Nxg4 50. Be6+ Kf8 51. Bc5+ Kg7 52. Rh5 Rb8 53.
Bxg4 Rb1+ 54. Kg2 Rb2+ 55. Kf3 Bf6 56. h3 Rb3+ 57. Ke4 h6 58. Rd5 Rb7 59. Kf5
Bb2 60. Ke6 Rf7 61. Be7 Rf1 62. Rd7 Re1+ 63. Kf5 Rf1+ 64. Ke4 Re1+ 65. Kf3 Kg6
66. Rd6+ Kg7 67. Bh4 Rf1+ 68. Bf2 Ra1 69. Rd7+ Kg6 
1-0

[Event "Eliteserien 2008-2009"]
[Site "Haraldsheim"]
[Date "2008.11.07"]
[Round "4"]
[White "Miezis, Normunds"]
[Black "David, Edwin"]
[Result "1/2-1/2"]
[WhiteElo "2500"]
[BlackElo "2139"]
[PlyCount "70"]
[EventDate "2008.??.??"]

1. c4 e6 2. e4 d5 3. exd5 exd5 4. d4 Bb4+ 5. Nc3 Ne7 6. Nf3 O-O 7. Be2 dxc4 8.
Bxc4 Bg4 9. Be3 Nbc6 10. O-O Nf5 11. Qd3 Nd6 12. Bd5 Bf5 13. Qd1 Ne7 14. Bb3
Ne4 15. Nxe4 Bxe4 16. Ng5 Bg6 17. Qg4 Nd5 18. h4 Nf6 19. Qh3 Qc8 20. Bf4 Qxh3
21. Nxh3 c6 22. Be5 Ng4 23. Bg3 Rad8 24. Rfd1 Rfe8 25. Rac1 Nf6 26. Be5 Nd5 27.
Nf4 Nxf4 28. Bxf4 Be4 29. a3 Ba5 30. Be3 Bd5 31. Bc2 Bb6 32. b4 h6 33. a4 a6
34. Rb1 Ba2 35. Rb2 Bc4 
1/2-1/2

[Event "Eliteserien 2008-2009"]
[Site "Haraldsheim"]
[Date "2008.11.07"]
[Round "4"]
[White "Kolås, Tore"]
[Black "Kveinys, Aloyzas"]
[Result "0-1"]
[WhiteElo "2144"]
[BlackElo "2600"]
[PlyCount "52"]
[EventDate "2008.??.??"]

1. e4 c5 2. Nf3 e6 3. d4 cxd4 4. Nxd4 a6 5. Nc3 Qc7 6. Bd3 Nf6 7. O-O Bc5 8.
Nb3 Be7 9. f4 d6 10. Qe2 Nc6 11. Bd2 b5 12. a3 Bb7 13. Rae1 O-O 14. e5 dxe5 15.
fxe5 Nd7 16. Bf4 g6 17. Kh1 b4 18. axb4 Bxb4 19. Rf3 Ne7 20. Rh3 Nf5 21. Qf2
Qb6 22. Qd2 Bc6 23. Re4 Bxc3 24. bxc3 Bxe4 25. Bxe4 Rad8 26. g4 Nf6 
0-1

[Event "Eliteserien 2008-2009"]
[Site "Haraldsheim"]
[Date "2008.11.07"]
[Round "4"]
[White "Thomassen, Joachim"]
[Black "Vea, Odin Blikra"]
[Result "1/2-1/2"]
[WhiteElo "2308"]
[BlackElo "2134"]
[PlyCount "78"]
[EventDate "2008.??.??"]

1. d4 Nf6 2. c4 e6 3. Nc3 Bb4 4. Qc2 O-O 5. a3 Bxc3+ 6. Qxc3 Ne4 7. Qc2 f5 8.
e3 b6 9. Nh3 Bb7 10. f3 Qh4+ 11. Nf2 Nxf2 12. Qxf2 Qxf2+ 13. Kxf2 d6 14. b4 a5
15. Bb2 axb4 16. axb4 Rxa1 17. Bxa1 Nd7 18. Be2 Ra8 19. Bb2 Kf7 20. Ra1 Rxa1
21. Bxa1 c5 22. Bc3 g6 23. Kg3 e5 24. Kf2 f4 25. dxe5 fxe3+ 26. Kxe3 Nxe5 27.
h4 cxb4 28. Bxb4 Ba6 29. Bxd6 Nxc4+ 30. Bxc4+ Bxc4 31. g4 Ke6 32. Bf8 Kd5 33.
Kd2 Ba6 34. h5 gxh5 35. gxh5 Bc8 36. Kc3 Ke5 37. Kb4 Bd7 38. h6 Kf4 39. Be7 Kg3
1/2-1/2

[Event "Eliteserien 2008-2009"]
[Site "Haraldsheim"]
[Date "2008.11.07"]
[Round "4"]
[White "Haugli, Petter"]
[Black "Evensen, Tom R"]
[Result "1/2-1/2"]
[WhiteElo "2229"]
[BlackElo "1973"]
[PlyCount "125"]
[EventDate "2008.??.??"]

1. d4 d5 2. c4 e6 3. Nc3 Be7 4. cxd5 exd5 5. Bf4 Nf6 6. e3 O-O 7. Bd3 c6 8. Qc2
Re8 9. Nf3 Nbd7 10. g4 Nf8 11. h3 Be6 12. O-O-O Qa5 13. Kb1 Bb4 14. Ng5 c5 15.
a3 Bxc3 16. Qxc3 Qxc3 17. bxc3 Bd7 18. Be5 Ba4 19. Rd2 N6d7 20. Bg3 h6 21. Nf3
Re6 22. Rb2 Bc6 23. Kc1 Nb6 24. Ne5 Na4 25. Rc2 c4 26. Be2 Be8 27. Kd2 Rb6 28.
Ra2 f6 29. Nf3 Bg6 30. Rc1 Rc8 31. Bd1 Rb3 32. Nh4 Bh7 33. Nf5 Bxf5 34. gxf5
Rc6 35. f3 g6 36. fxg6 f5 37. g7 Nd7 38. Raa1 Rg6 39. Bxb3 cxb3 40. Rg1 b2 41.
Rab1 Ndb6 42. Kd3 Nc4 43. Bb8 Rxg1 44. Rxg1 Nxa3 45. Bxa7 b5 46. Bc5 b1=Q+ 47.
Rxb1 Nxb1 48. Bb4 Nb6 49. Kc2 Nc4 50. Kxb1 Kxg7 51. Ka2 Nxe3 52. Bd6 Nc4 53.
Bf4 h5 54. Kb3 Kf6 55. Kb4 Ke6 56. Kxb5 Nb2 57. Bg5 Nc4 58. Kc6 Nb2 59. Kc5
Nd3+ 60. Kb5 Ne1 61. f4 Nf3 62. Bh6 Nd2 63. Kb4 
1/2-1/2

[Event "Eliteserien 2008-2009"]
[Site "Haraldsheim"]
[Date "2008.11.07"]
[Round "4"]
[White "Bae, Torstein"]
[Black "Grønn, Atle"]
[Result "1/2-1/2"]
[WhiteElo "2376"]
[BlackElo "2423"]
[PlyCount "106"]
[EventDate "2008.??.??"]

1. e4 d6 2. d4 g6 3. Nc3 c6 4. Be3 Bg7 5. Qd2 b5 6. Bd3 Nd7 7. Nf3 Bb7 8. O-O
a6 9. a4 b4 10. Ne2 c5 11. c3 cxd4 12. Bxd4 Ngf6 13. Ng3 bxc3 14. Qxc3 e5 15.
Be3 O-O 16. b4 d5 17. Qc2 Rc8 18. Qb1 Ng4 19. Bc5 Nxc5 20. bxc5 Qe7 21. exd5
Bxd5 22. Bxa6 Ra8 23. Bd3 e4 24. Bxe4 Bxa1 25. Bxd5 Rxa4 26. Qc2 Ra5 27. Qe4
Qxe4 28. Nxe4 Bb2 29. Rb1 Nf6 30. Nxf6+ Bxf6 31. Be4 Rxc5 32. Rf1 Re8 33. Bd3
Rc3 34. Bb5 Rb8 35. Be2 Rb2 36. Bd1 Bd8 37. Nd4 Bb6 38. Ne2 Rd3 39. Nf4 Rxd1
40. Rxd1 Rxf2 41. Rd6 Rb2+ 42. Kf1 Bc7 43. Rd4 g5 44. Nh5 h6 45. Nf6+ Kf8 46.
h4 gxh4 47. Rxh4 Bg3 48. Rxh6 Rf2+ 49. Kg1 Rd2 50. Kf1 Rf2+ 51. Kg1 Rd2 52. Kf1
Rf2+ 53. Kg1 Rd2 
1/2-1/2